000 00402nam a22001697a 4500
005 20160628144019.0
008 160628b xxu||||| |||| 00| 0 eng d
020 _a81-88458-69-4
041 _aeng
082 _b11356
100 _aSingh, Pravin
_93077
245 _aCivil Engineering materials
260 _bKatson Books
_c2012
300 _a274
650 _aDiploma Engineering
_9817
942 _cBK
999 _c4466
_d4465